000
00227nam a2200097Ia 4500
008
230915s9999 xx 000 0 und d
050
_a
HD 30.22 .D 39 2006
100
_a
DWIVED,D N
245
0
_a
MANAGERIAL ECONOMICS
942
_c
BK
999
_c
75398
_d
75398